| 000 | 00773nam a2200241 a 4500 | ||
|---|---|---|---|
| 001 | BRCA_18 | ||
| 005 | 20190320202839.0 | ||
| 008 | 910726s1994 mx-a---##b---#001-1#spa-d | ||
| 020 | _a9688424420 | ||
| 040 |
_aDLC _cDLC |
||
| 050 | 4 |
_aF1211.E3 _b.M69 1994 |
|
| 100 | 1 |
_aMoya Palencia, Mario _989 |
|
| 245 | 1 | 0 |
_aEl México de Egerton, 1831-1842 _bNovela _cMario Moya Palencia. |
| 250 | _a2 | ||
| 260 |
_aMéxico _bMiguel Angel Porrúa _c1994 |
||
| 300 |
_a735 p. _bil. _c21 cm. |
||
| 500 | _aIncluye índice onomástico, geográfico y de lugares | ||
| 504 | _aBibliografía: p. 715-730 | ||
| 600 | 1 | 4 |
_aEgerton, Daniel Thomas _d1797-1842 _xFicción _990 |
| 650 | 1 | 4 |
_aViajeros ingleses _ySiglo XIX _991 |
| 653 | 0 | _aViajeros extranjeros en México - Siglo XIX | |
| 942 |
_2lcc _cB |
||
| 999 |
_c18 _d18 |
||